| 000 | 01817namaa22003251i 4500 | ||
|---|---|---|---|
| 005 | 20260430121351.0 | ||
| 008 | 260430s1994 ua a|||frm||| 000 0 eng d | ||
| 040 |
_aEG-GICUC _beng _cEG-GICUC _dEG-GICUC _erda |
||
| 041 | 0 |
_aeng _beng _bara |
|
| 049 | _aDeposit | ||
| 097 | _aPh.D | ||
| 099 | _aCai01.11.15.Ph.D.1994.Mo.C. | ||
| 100 | 0 |
_aMohamed Salah ELdin M. Shhata, _epreparation. |
|
| 245 | 1 | 0 |
_aAComparative Study Between Directed Endometrial Biopsy Using Both Types Of Hysteroscopy, Pannoramic And Contact And Conventional Dilatation And Curettage In The Diagnosis Of Patients With Abnormal Uterine Bleeding Around The Menopause / : _cBy Mohamed Salah ELdin M. Shhata; Supervised By Pof.Dr. Mahmoud Talaat Mohamed Talaat, Prof.Dr. Abdalla Mahmoud Khalil, Prof.Dr. Maher M. A. ELwahab. |
| 246 | 1 | 5 | _aدراسة مقارنة بين عينات الغشاء المبطن للرحم الموجهة باستخدام المنظار الرحمي وعملية التوسيع والكحت المعتادة في تشخيص حالات النزيف الرحمي حول سن اليأس / |
| 264 | 0 | _c1994. | |
| 300 |
_a149 pages : _billustrations ; _c30 cm. + |
||
| 336 |
_2rda content _atext |
||
| 337 |
_2rdamedia _aUnmediated |
||
| 338 |
_2rdacarrier _avolume |
||
| 502 | _aThesis (Ph.D)-Cairo University, 1994. | ||
| 504 | _aBibliography: pages129-149. | ||
| 653 | 0 | _aObstetrics And Gynecology | |
| 700 | 0 |
_aMahmoud Talaat Mohamed Talaat _ethesis advisor. |
|
| 700 | 0 |
_aAbdalla Mahmoud Khalil _ethesis advisor. |
|
| 700 | 0 |
_aMaher M. A. ELwahab _ethesis advisor. |
|
| 900 |
_DDepartment of Obstetrics And Gynecology _FFaculty of Medicine _U Cairo University _b1994 _cMahmoud Talaat Mohamed Talaat _cAbdalla Mahmoud Khalil _cMaher M. A. ELwahab |
||
| 905 | _aEman El gebaly | ||
| 942 |
_2ddc _cTH _e21 _n0 |
||
| 999 | _c179855 | ||